|
|
|
|
| LEADER |
01982nam a2200349 a 4500 |
| 001 |
194995 |
| 008 |
091121s1998 bg b 000 0 eng d |
| 010 |
|
|
|a 98915413
|
| 020 |
|
|
|a 9848126090
|
| 040 |
|
|
|a DLC
|c DLC
|
| 082 |
0 |
0 |
|a 330.95492
|
| 100 |
1 |
|
|a Ahmad, Qazi Kholiquzzaman,
|d 1943-
|
| 245 |
1 |
0 |
|a Economic reforms, people's participation, and development in Bangladesh /
|c Qazi Kholiquzzaman Ahmad.
|
| 260 |
|
|
|a Dhaka :
|b Asiatic Society of Bangladesh & Bangladesh Unnayan Parishad,
|c 1998.
|
| 300 |
|
|
|a 55 p. ;
|c 22 cm.
|
| 490 |
1 |
|
|a National Professor Atwar Husain Memorial Lecture / Asiatic Society of Bangladesh ;
|v 1998
|
| 500 |
|
|
|a "Delivered on 11 July 1998."
|
| 504 |
|
|
|a Includes bibliographical references (p. 53-55).
|
| 541 |
1 |
|
|e 00006360
|
| 651 |
|
0 |
|a Bangladesh
|x Economic conditions.
|
| 651 |
|
0 |
|a Bangladesh
|x Social conditions.
|
| 650 |
|
0 |
|a Economic development
|x Citizen participation.
|
| 710 |
2 |
|
|a Asiatic Society of Bangladesh.
|
| 710 |
2 |
|
|a Bangladesh Unnayan Parishad.
|
| 830 |
|
0 |
|a National Professor Atwar Husain memorial lecture ;
|v 1998.
|
| 852 |
4 |
|
|a Ayesha Abed Library
|j General Shelf
|
| 999 |
|
|
|c 5753
|d 5753
|
| 952 |
|
|
|0 0
|1 0
|2 ddc
|4 0
|6 330_954920000000000_AHM_1998
|7 0
|9 5691
|a BRACUL
|b BRACUL
|c GEN
|d 2009-11-22
|g 60.00
|l 0
|o 330.95492 AHM
|p 3010006360
|r 2009-11-22
|t 1
|w 2009-11-22
|y BK
|
| 952 |
|
|
|0 0
|1 0
|2 ddc
|4 0
|6 330_954920000000000_AHM_1998
|7 0
|9 6191
|a BRACUL
|b BRACUL
|c GEN
|d 2009-12-17
|g 60.00
|l 0
|o 330.95492 AHM
|p 3010006356
|r 2009-12-17
|t 2
|w 2009-12-17
|y BK
|
| 952 |
|
|
|0 0
|1 0
|2 ddc
|4 0
|6 330_954920000000000_AHM_1998
|7 0
|9 6192
|a BRACUL
|b BRACUL
|c GEN
|d 2009-12-17
|g 60.00
|l 0
|o 330.95492 AHM
|p 3010006359
|r 2009-12-17
|t 3
|w 2009-12-17
|y BK
|
| 952 |
|
|
|0 0
|1 0
|2 ddc
|4 0
|6 330_954920000000000_AHM_1998
|7 0
|9 6193
|a BRACUL
|b BRACUL
|c GEN
|d 2009-12-17
|g 60.00
|l 0
|o 330.95492 AHM
|p 3010006357
|r 2009-12-17
|t 4
|w 2009-12-17
|y BK
|
| 952 |
|
|
|0 0
|1 0
|2 ddc
|4 0
|6 330_954920000000000_AHM_1998
|7 0
|9 6194
|a BRACUL
|b BRACUL
|c GEN
|d 2009-12-17
|g 60.00
|l 0
|o 330.95492 AHM
|p 3010006358
|r 2009-12-17
|t 5
|w 2009-12-17
|y BK
|